[Event "GER-chT Seniors 25th"]
[Site "Magdeburg"]
[Date "2016.10.14"]
[Round "6.16"]
[White "Gehrmann, Rudolf Rainer"]
[Black "Kierzek, Matthias"]
[Result "0-1"]
[WhiteElo "2123"]
[BlackElo "2199"]
[PlyCount "42"]
[EventDate "2016.10.09"]
[EventType "team-swiss"]
[EventRounds "7"]
[EventCountry "GER"]
[SourceTitle "EXT 2019"]
[Source "ChessBase"]
[SourceDate "2018.10.10"]
[SourceVersion "1"]
[SourceVersionDate "2018.10.10"]
[SourceQuality "1"]
[WhiteTeam "Schleswig Holstein"]
[BlackTeam "Hessen"]
[WhiteTeamCountry "GER"]
[BlackTeamCountry "GER"]

1. c4 c6 2. Nf3 d5 3. cxd5 cxd5 4. d4 Nc6 5. Nc3 Nf6 6. g3 Bf5 7. Ne5 e6 8. Qa4 Qb6 9. e3 Bd6 10. Qb5 0-0 11. Qxb6 axb6 12. f4 Nb4 13. Kd1 Nc2 14. Rb1 Bxe5 15. fxe5 Ne4 16. Kxc2 Nxc3+ 17. Kxc3 Rfc8+ 18. Kd2 Bxb1 19. a3 Rc2+ 20. Kd1 Rac8 21. Bd2 Rxb2 0-1

[Event "Schleswig Holstein-ch Seniors op 9th"]
[Site "Buesum"]
[Date "2015.10.01"]
[Round "4"]
[White "Krotofil, Kurt"]
[Black "Gehrmann, Rudolf Rainer"]
[Result "0-1"]
[WhiteElo "1986"]
[BlackElo "2132"]
[PlyCount "102"]
[EventDate "2015.09.28"]
[EventType "swiss"]
[EventRounds "9"]
[EventCountry "GER"]
[SourceTitle "EXT 2018"]
[Source "ChessBase"]
[SourceDate "2017.10.13"]
[SourceVersion "1"]
[SourceVersionDate "2017.10.13"]
[SourceQuality "1"]

1. d4 Nf6 2. c4 g6 3. Nc3 Bg7 4. e4 d6 5. Nf3 0-0 6. Be2 Nbd7 7. 0-0 e5 8. Re1 exd4 9. Nxd4 Re8 10. f3 h6 11. Rb1 a5 12. a3 Nc5 13. b4 axb4 14. axb4 Ne6 15. Be3 Bd7 16. Qd2 Kh7 17. Nd5 Ra3 18. Rb3 Ra4 19. Nc3 Ra8 20. Ndb5 Ng8 21. Rd1 Bxb5 22. Nxb5 b6 23. Nd4 Qd7 24. Nxe6 Qxe6 25. Bd4 Bxd4+ 26. Qxd4 Ra2 27. Rb2 Rea8 28. Rdd2 Rxb2 29. Rxb2 Qe7 30. g3 Nf6 31. Rd2 Ra4 32. Rb2 Nd7 33. Qd1 Ra3 34. Rb3 Ra2 35. Bd3 Qe5 36. Bb1 Ra1 37. Qd5 Kg7 38. Kf2 Qf6 39. Ke3 Ne5 40. f4 Ng4+ 41. Kd3 Nxh2 42. Qd4 Ng4 43. Qxf6+ Kxf6 44. Kd4 Ke6 45. c5 bxc5+ 46. bxc5 Ra4+ 47. Kc3 dxc5 48. Bd3 Nf2 49. Bc4+ Ke7 50. e5 Ne4+ 51. Kd3 Rxc4 0-1

[Event "Schleswig Holstein-ch Seniors op"]
[Site "Buesum"]
[Date "2014.10.03"]
[Round "9"]
[White "Lutz, Albert"]
[Black "Gehrmann, Rudolf Rainer"]
[Result "0-1"]
[WhiteElo "2170"]
[BlackElo "2131"]
[PlyCount "111"]
[EventDate "2014.09.25"]
[EventType "swiss"]
[EventRounds "9"]
[EventCountry "GER"]
[SourceTitle "EXT 2018"]
[Source "ChessBase"]
[SourceDate "2017.10.13"]
[SourceVersion "1"]
[SourceVersionDate "2017.10.13"]
[SourceQuality "1"]

1. d4 Nf6 2. Nf3 g6 3. c4 Bg7 4. Nc3 d5 5. cxd5 Nxd5 6. Bd2 Bg4 7. Qb3 Nb6 8. e3 0-0 9. Be2 Be6 10. Qc2 c6 11. 0-0 Bc4 12. Rfe1 Bxe2 13. Rxe2 N8d7 14. e4 e6 15. Bg5 f6 16. Bf4 e5 17. Bg3 exd4 18. Nxd4 Qe7 19. a4 Qf7 20. f4 f5 21. e5 Nc5 22. a5 Nd5 23. Nxd5 Qxd5 24. Rd1 Ne6 25. Nxe6 Qxe6 26. Rd6 Qa2 27. b4 Qxc2 28. Rxc2 Rad8 29. a6 Rxd6 30. exd6 bxa6 31. Rxc6 Rd8 32. Bf2 Rd7 33. Bc5 Kf7 34. Bxa7 Rxa7 35. Rc7+ Ke6 36. d7 Ke7 37. Rc8 Kxd7 38. Rb8 Kc7 39. Re8 Kb6 40. Kf2 Rb7 41. h4 Kb5 42. h5 Kxb4 43. hxg6 hxg6 44. Re6 Bd4+ 45. Ke2 Rb6 46. Re8 a5 47. Kd3 Bc5 48. g4 fxg4 49. Re4+ Kb3 50. Re5 Rd6+ 51. Ke2 Bb4 52. Rg5 a4 53. Rxg4 a3 54. f5 gxf5 55. Rg8 a2 56. Ra8 0-1

[Event "Schleswig Holstein-ch Seniors op"]
[Site "Buesum"]
[Date "2014.09.27"]
[Round "3"]
[White "Nickel, Juergen"]
[Black "Gehrmann, Rudolf Rainer"]
[Result "0-1"]
[WhiteElo "1916"]
[BlackElo "2131"]
[PlyCount "98"]
[EventDate "2014.09.25"]
[EventType "swiss"]
[EventRounds "9"]
[EventCountry "GER"]
[SourceTitle "EXT 2018"]
[Source "ChessBase"]
[SourceDate "2017.10.13"]
[SourceVersion "1"]
[SourceVersionDate "2017.10.13"]
[SourceQuality "1"]

1. d4 Nf6 2. Nf3 g6 3. e3 Bg7 4. c4 0-0 5. Nc3 d5 6. cxd5 Nxd5 7. Bc4 Nxc3 8. bxc3 c5 9. 0-0 Qc7 10. Be2 cxd4 11. cxd4 Bf5 12. Bd2 Rc8 13. Qb3 Nc6 14. Rac1 Qd7 15. d5 Ne5 16. Nxe5 Bxe5 17. Bf3 b6 18. Bb4 Rxc1 19. Rxc1 Rd8 20. e4 Bg4 21. Bxe7 Qxe7 22. Bxg4 Qg5 23. Qd1 Qf4 24. g3 Qxe4 25. Rc8 Rxc8 26. Bxc8 Qc4 27. Bb7 Qxa2 28. d6 Qa1 29. Qxa1 Bxa1 30. Kf1 Kf8 31. Bc6 Be5 32. d7 Ke7 33. Bb5 Bc7 34. Ke2 Kd6 35. Kd3 Kc5 36. Bc4 f6 37. Bg8 h6 38. Bh7 g5 39. h4 b5 40. hxg5 hxg5 41. f4 a5 42. fxg5 fxg5 43. g4 a4 44. Bg8 Bd8 45. Kc3 b4+ 46. Kb2 Kb5 47. Bf7 b3 48. Bg6 Kb4 49. Bf7 a3+ 0-1

[Event "GER-chT Seniors 23rd"]
[Site "Bergen"]
[Date "2014.09.04"]
[Round "5.4"]
[White "Gehrmann, Rudolf Rainer"]
[Black "Gerhardt, Peter Michael"]
[Result "1/2-1/2"]
[WhiteElo "2131"]
[BlackElo "2046"]
[PlyCount "40"]
[EventDate "2014.09.01"]
[EventType "team-swiss"]
[EventRounds "7"]
[EventCountry "GER"]
[SourceTitle "EXT 2018"]
[Source "ChessBase"]
[SourceDate "2017.10.13"]
[SourceVersion "1"]
[SourceVersionDate "2017.10.13"]
[SourceQuality "1"]

1. c4 Nf6 2. Nc3 g6 3. g3 Bg7 4. Bg2 0-0 5. d4 d6 6. Nf3 c6 7. 0-0 Nbd7 8. e4 Qc7 9. Be3 b6 10. Rc1 Bb7 11. c5 dxc5 12. dxc5 Nxc5 13. Bxc5 bxc5 14. Qc2 Nd7 15. Na4 Bd4 16. Bh3 e6 17. b4 Ne5 18. Bg2 Nxf3+ 19. Bxf3 cxb4 20. Qc4 Qd6 1/2-1/2